Diccionario de lingüística / (Record no. 91447)

MARC details
000 -LEADER
campo de control de longitud fija 00643nam a2200193 i 4500
001 - NÚMERO DE CONTROL
campo de control 91447
003 - IDENTIFICADOR DE NÚMERO DE CONTROL
campo de control ES-MaACL
005 - FECHA Y HORA DE LA ÚLTIMA TRANSACCIÓN
campo de control 20250728183050.0
007 - CAMPO FIJO DE DESCRIPCIÓN FÍSICA--INFORMACIÓN GENERAL
campo de control de longitud fija t|
008 - DATOS DE LONGITUD FIJA--INFORMACIÓN GENERAL
campo de control de longitud fija 050131s1982 sp ||||1| spa d
100 1# - ENTRADA PRINCIPAL--NOMBRE DE PERSONA
Nombre de persona Lewandowski, Theodor.
9 (RLIN) 72023
245 10 - MENCIÓN DEL TÍTULO
Título Diccionario de lingüística /
Mención de responsabilidad, etc. Theodor Lewandowski ; [traductores: Mª Luz García-Denche Navarro, Enrique Bernárdez].
260 ## - PUBLICACIÓN, DISTRIBUCIÓN, ETC.
Lugar de publicación, distribución, etc. Madrid :
Nombre del editor, distribuidor, etc. Cátedra,
Fecha de publicación, distribución, etc. [1982]
300 ## - DESCRIPCIÓN FÍSICA
Extensión XVI, 447 p. ;
Dimensiones 24 cm.
700 1# - ENTRADA AGREGADA--NOMBRE PERSONAL
Nombre de persona García-Denche Navarro, Mª Luz.
9 (RLIN) 54529
700 1# - ENTRADA AGREGADA--NOMBRE PERSONAL
Nombre de persona Bernárdez, Enrique,
Fechas asociadas al nombre 1949-
9 (RLIN) 161110
852 ## - LOCALIZACIÓN
Ubicación ES-MaACL
Número de control de estantería L-4083
Sublocalización o colección R.104471
Holdings
Estatus retirado Estado de pérdida Estado de daño No para préstamo Colección Biblioteca de origen Biblioteca actual Ubicación en estantería Fecha de adquisición Fuente de adquisición Total de préstamos Signatura topográfica completa Código de barras Visto por última vez Precio de reemplazo Tipo de ítem Koha
        Colección de referencia Biblioteca del Ateneo de Madrid Biblioteca del Ateneo de Madrid Depósito 2 17/01/2008     L-4083 1095472 23/02/2023 23/02/2023 Libro impreso